LEADER 00958nam a2200217 i 4500 001 000000155431 003 CaOOAMICUS 005 20061110000000.0 008 061110s1936 it u000 u ita u 013 $a132783 040 $aSeMil$bita 245 12$aI canti della patria /$cTesto e commento a cura del Prof. Dott. Giacomo Maria Lombardo ex-docente di lettere italiane nelle Università di Bonn e di Colonia sul Reno. 260 $aClusone :$bGiudici Editrice,$c1936. 300 $a237 p. :$b[2] ritratti ;$c20 cm. 650 4$aCanzoni patriottiche - Antologie.$0(OLS)http://semarc/subject/30423 700 1 $aLombardo, Giacomo Maria.$0(OLS)http://semarc/name/60789 850 $aSeMil 852 $aSeMil$W1$xVenegono$y1$m1B II 114$j107266$B107266$CSeMilBibl$Z2$F116646 $81 961 $aRecupero: Altro 996 $6245$aI canti della patria$9(OLS)http://semarc/title/227622 996 $6260$aClusone :$bGiudici Editrice$9(OLS)http://semarc/publisher/43408 LEADER 01013nam a2200217 i 4500 001 000000232642 003 CaOOAMICUS 005 20140903000000.0 008 140903s1935 it u000 u mul u 013 $a211545 040 $aSeMil$bita 100 1 $aSacco, Giuseppe <1871-1950>.$0(OLS)http://semarc/name/33092 245 12$aL'Epistola ai Romani :$bnella versione della volgata e nella versione dal greco /$cSac. Giuseppe Sacco. 260 $aRoma :$bPont. Ateneo del Seminario Romano al Laterano,$c1935. 300 $aXXVII, 122 p. ;$c26 cm. 500 $aAd usum privatum. 650 4$aBibbia - NT - Lettere ai Romani - Traduzioni.$0(OLS)http://semarc/subject/20538 850 $aSeMil 852 $aSeMil$W1$xVenegono$y1$m2Z V 25$j182988$B182988$CSeMilBibl$Z2$F193994 $81 996 $6245$aL'Epistola ai Romani :$bnella versione della volgata e nella versione dal greco$9(OLS)http://semarc/title/331923 996 $6260$aRoma :$bPont. Ateneo del Seminario Romano al Laterano$9(OLS)http://semarc/publisher/54015